[Event "XVIII Najdorf Open 2018"]
[Site "Warsaw"]
[Date "2018.07.12"]
[Round "5"]
[White "Czopor, Maciej"]
[Black "Jarmula, Lukasz"]
[Result "1/2-1/2"]
[WhiteElo "2217"]
[BlackElo "2512"]
[Annotator "TA"]
[PlyCount "104"]
[EventDate "2018.07.08"]
[EventCountry "POL"]
[SourceTitle "playchess.com"]
[Source "ChessBase"]
[SourceQuality "1"]

{[%evp 22,104,27,12,8,-2,0,-6,13,-12,-1,-1,-1,-7,-4,0,-3,-43,-15,-77,-86,-114,-108,-117,-42,-79,-94,-106,-110,-97,-128,-155,-184,-238,-238,-245,-239,-239,-239,-232,-28,-48,-8,-8,-8,-8,-8,-19,107,115,104,107,154,137,194,140,135,75,179,167,211,183,177,162,227,145,145,145,145,145,145,145,138,137,137,137,137,137,137,137,137,137,137,137,137]} 1. e4 e5 2. Nf3 Nc6 3. Bb5 a6 4. Ba4 d6 5. d4 b5 6. Bb3 Nxd4 7. Nxd4 exd4 8. c3 Nf6 9. cxd4 Be7 {[%cal Bf8e7,Be7g5,Bg5f6,Bf6g7][%mdl 32]} 10. O-O O-O 11. Re1 Bb7 12. Bc2 c5 {C90: Closed Ruy Lopez with 7...d6: Early deviations} 13. d5 Nd7 $146 ({Predecessor:} 13... Re8 14. Nd2 Nd7 15. Nf1 Bf6 16. Ng3 g6 17. Rb1 Ne5 18. b3 Bc8 19. Bb2 Bd7 20. Qd2 {0-1 (87) Mulauzi,J (1843)-Anwuli,D (2182) Victoria 2016}) 14. Nd2 Bg5 {The position is equal.} 15. g3 Re8 16. f4 Bf6 17. Nf3 g6 18. Rb1 Nb6 19. Bd3 Bg7 20. Bd2 (20. b3 $11) 20... Na4 $1 $17 {[%cal Ra4b2]} 21. Qc2 c4 $1 {[%cal Rc4d3]} 22. Bf1 Qd7 ({Black should try} 22... f5 $17 23. Ng5 fxe4) 23. Be3 Re7 24. Bg2 Rae8 25. Bf2 Qc7 26. Nd2 Nc5 27. Bf1 {[#]} (27. Nxc4 $142 bxc4 28. Qxc4) 27... f5 $1 $19 {[%cal Rf5e4][%mdl 512]} 28. exf5 Rxe1 $1 29. Rxe1 Rxe1 30. Bxe1 {[#]} Bxd5 $2 ({Better is} 30... Qf7 $1 $19 31. Bg2 Qxf5) 31. fxg6 $11 Bb7 {...Qb6 is the strong threat.} 32. gxh7+ Kh8 {aiming for ...Qb6.} 33. Qg6 $1 Qc6 {( -> ...Bd4+)} 34. Kf2 Nd3+ (34... Qd5 $11 {keeps the balance.}) 35. Bxd3 $16 cxd3 36. Qxd3 Qg2+ 37. Ke3 d5 {[#]} (37... Qxh2 $16 {was necessary.} 38. b3 (38. Qxd6 Qh1 $16) 38... d5) 38. Bf2 (38. Qe2 $1 $18 {[%cal Re2g2]} d4+ 39. Kd3) 38... Qxh2 39. Qg6 (39. Nf3 $142 Qxh7 40. Qxh7+ Kxh7 41. Nd4) 39... d4+ (39... Qxh7 $16 {might work better.} 40. Qe8+ Qg8) 40. Ke2 $18 {White is clearly better.} Qg2 41. f5 {[%cal Bf4f5,Bf5f6][%mdl 32] White wants to mate with f6.} d3+ 42. Ke3 {White threatens f6 and mate.} Qh1 (42... Qd5 {keeps fighting.} 43. f6 Bf8) 43. f6 {[%csl Gg6][%cal Rf6g7]} Qh6+ 44. Qxh6 Bxh6+ 45. Kxd3 Bxd2 46. Kxd2 $16 {[%mdl 4096] Endgame Intending Bd4 and mate. KB-KB} Bd5 47. a3 a5 48. Kc3 a4 49. Kd4 Bc4 50. Kc5 Kxh7 51. Kd6 Kg6 52. Ke7 Bb3 {Precision: White = 45%, Black = 52%.} 1/2-1/2

[Event "XVIII Najdorf Open 2018"]
[Site "Warsaw"]
[Date "2018.07.12"]
[Round "5"]
[White "Sliwicki, Damian"]
[Black "Szostko, Jakub"]
[Result "1-0"]
[WhiteElo "2193"]
[BlackElo "2295"]
[Annotator "TA"]
[PlyCount "87"]
[EventDate "2018.07.08"]
[EventCountry "POL"]
[SourceTitle "playchess.com"]
[Source "ChessBase"]
[SourceQuality "1"]

{[%evp 11,87,15,11,3,0,0,0,-11,0,-29,-22,-64,-56,-64,-59,-45,-54,-51,-2,-35,-23,-41,13,11,10,10,10,11,10,10,17,10,8,13,13,10,12,10,11,8,12,9,8,0,0,0,0,0,0,8,80,80,206,204,165,173,164,77,168,145,170,127,318,105,340,283,231,189,29981,29982,29988,29989,29989,29988,29989,29989,29989,29990]} 1. e4 c5 2. Nf3 d6 3. d4 cxd4 4. Nxd4 Nf6 5. Nc3 a6 6. Nb3 g6 {LiveBook: 30 Games. B90: Sicilian Najdorf: Unusual White 6th moves, 6 Be3 Ng4 and 6 Be3 e5} (6... e5 7. Bg5 Be7 8. Bxf6 Bxf6 9. Qd3 Be6 10. O-O-O Be7 11. Nd5 Bxd5 12. Qxd5 Qc7 13. Kb1 O-O 14. Na5 Nc6 15. Nc4 Rad8 {1-0 (50) Grischuk,A (2737)-Nepomniachtchi,I (2767) Doha 2016}) 7. Bd3 Bg7 8. a4 Nc6 {[%cal Bb8c6,Bc6b4,Bb4d3][%mdl 32] The position is equal.} 9. O-O O-O 10. f4 Be6 $146 ({Predecessor:} 10... Rb8 11. Kh1 Bd7 12. Qe1 Nb4 13. Be3 b5 14. axb5 axb5 {0-1 (44) Ayza Ballester,J (2278)-Gual Pascual,A (2400) Barcelona 2001}) 11. Qe1 Nb4 {Threatens to win with ...Bxb3.} 12. Nd2 Nxd3 13. cxd3 {[#]} b5 $1 {[%mdl 512]} 14. Nf3 (14. axb5 axb5) 14... Qb6+ 15. Kh1 bxa4 16. Qh4 Bg4 ({Black should play} 16... Bb3 $15) 17. e5 $11 Bxf3 18. Rxf3 dxe5 19. fxe5 Nh5 20. g4 Qb7 21. Qf2 g5 $1 $132 {[%mdl 2048] Black is not keeping still} 22. Bxg5 f6 23. Qg2 Nf4 $1 {[%cal Rf4g2]} 24. Rxf4 Qxg2+ 25. Kxg2 fxg5 26. Rxf8+ Rxf8 {[%mdl 4096] Endgame KRB-KRN} 27. d4 Rf4 28. Rxa4 Rxg4+ 29. Kf3 Rh4 30. Ne4 ({Don't play} 30. Rxa6 Rxd4 31. Ra5 h6 $15) 30... Rxh2 (30... Rh3+ $11 31. Kg2 Rh4) 31. Nxg5 $16 h6 (31... Bh6 $16 {might work better.} 32. Ne6 Bc1) 32. Ne6 $18 Rxb2 33. Rxa6 Kf7 34. Nf4 (34. Ke3 $18) 34... Rb8 (34... Rb1 $16) 35. Ke4 Rb1 36. Ra8 {Hoping for e6+.} Bf8 $2 (36... Rg1 $16 {was necessary.} 37. Ra7 Rg5 38. e6+ Kf6) 37. d5 $2 (37. e6+ $18 {and White stays clearly on top.} Kg7 38. Nd5) 37... Rh1 $2 (37... Re1+ $16 38. Kf5 Rf1 39. e6+ Kg7) 38. Kf5 Rf1 39. Ra7 {aiming for d6.} h5 $2 {[#]} (39... Kg8 $18 40. Ra8 Kg7) 40. d6 $1 {[%cal Bd5d6,Bd6e7,Be7e8][%mdl 32] White mates.} Bh6 41. e6+ Kg7 42. dxe7 {[%cal Re7e8]} Rxf4+ 43. Ke5 Rf7 44. e8=N+ {Precision: White = 57%, Black = 39%.} 1-0

[Event "XVIII Najdorf Open 2018"]
[Site "Warsaw"]
[Date "2018.07.12"]
[Round "5"]
[White "Dwilewicz, Katarzyna"]
[Black "Monnisha, GK."]
[Result "1/2-1/2"]
[WhiteElo "2009"]
[BlackElo "2295"]
[Annotator "NA"]
[PlyCount "80"]
[EventDate "2018.07.08"]
[EventCountry "POL"]
[SourceTitle "playchess.com"]
[Source "ChessBase"]
[SourceQuality "1"]

1. d4 Nf6 2. c4 Nc6 3. Nf3 e6 4. g3 Bb4+ 5. Bd2 Qe7 6. Bg2 O-O 7. O-O a5 8. Bg5 h6 9. Bf4 Bd6 10. Bxd6 Qxd6 11. Nc3 Qe7 12. e4 d6 13. Qd3 Re8 14. b3 e5 15. d5 Nb4 16. Qd2 Nd7 17. a3 Na6 18. Qe3 Nb6 19. Nd2 f5 20. f3 Bd7 21. Rfb1 Rf8 22. exf5 Bxf5 23. Nce4 Nb8 24. b4 N8d7 25. Bf1 Nf6 26. Bd3 Bxe4 27. Bxe4 Nxe4 28. fxe4 axb4 29. axb4 Nd7 30. Kg2 Nf6 31. h3 Qf7 32. Rf1 Qg6 33. Qe2 Nh5 34. Rxf8+ Rxf8 35. Qg4 Qxg4 36. hxg4 Nf6 37. Kh3 Nh7 38. Kg2 Nf6 39. Kh3 Nh7 40. Kg2 Nf6 1/2-1/2

[Event "XVIII Najdorf Open 2018"]
[Site "Warsaw"]
[Date "2018.07.13"]
[Round "6"]
[White "Bartel, Mateusz"]
[Black "Romanishin, Oleg M"]
[Result "1-0"]
[WhiteElo "2602"]
[BlackElo "2440"]
[Annotator "TA"]
[PlyCount "121"]
[EventDate "2018.07.08"]
[EventCountry "POL"]
[SourceTitle "playchess.com"]
[Source "ChessBase"]
[SourceQuality "1"]

{[%evp 20,121,10,8,6,12,14,10,0,14,12,0,0,0,0,0,0,-8,0,-25,0,-10,-4,-4,0,0,0,-7,-7,0,0,0,0,0,0,-2,23,-2,0,-5,-11,-9,-2,-4,10,9,17,4,21,9,9,11,9,0,34,27,55,71,106,76,60,54,81,68,58,38,93,99,94,96,87,94,299,287,292,292,292,286,261,254,227,227,231,227,471,472,472,472,586,532,506,506,983,983,976,921,921,921,913,911,883,875,1646,1646]} 1. d4 Nf6 2. c4 e6 3. Nf3 Bb4+ 4. Nbd2 d5 5. Qa4+ Nc6 6. a3 Be7 7. e3 O-O 8. Bd3 a5 {E11: Damenindisch (Bogoljubow-Variante)} (8... Re8 9. b4 Bf8 10. Bb2 Ne7 11. Qc2 c6 12. Ne5 Nf5 13. g4 Nd6 14. g5 Nfe4 15. c5 Nf5 16. Nxe4 dxe4 17. Bxe4 Qxg5 {1-0 (49) Ernst,S (2548)-Jussupow,A (2608) Netherlands 2013}) 9. O-O Bd7 10. Qc2 a4 11. Ne5 {LiveBook: 3 Partien} Be8 12. Ndf3 $146 ({Vorgänger:} 12. f4 Na5 13. c5 c6 14. Qxa4 b6 15. Qc2 bxc5 16. dxc5 {1-0 (59) Kumsiashvili,N (1969)-Ammar,A (2181) Poti 2010}) 12... Na5 13. Bd2 dxc4 14. Nxc4 Nxc4 15. Qxc4 Bc6 16. Rac1 Bxf3 17. gxf3 c6 18. Kh1 Qd5 (18... g6 {keeps more tension.} 19. Rg1 Qb6 20. Qc2 Rfc8 21. Be2 Qd8) 19. e4 (19. Qxd5 {seems wilder.} Nxd5 20. e4 Nf6 21. Rfd1 Rfd8 22. Be3) 19... Qxc4 (19... Qd7 {with more complications.} 20. Be3 g6 21. Rg1 Nh5 22. f4 Ng7) 20. Bxc4 Rfd8 21. Be3 Ne8 22. Rfd1 Bf6 23. Be2 Rd7 24. Rc4 g6 25. Kg2 Bg7 26. Rdc1 Nd6 27. Rb4 Bf8 28. b3 Nb5 29. Rxa4 Rxa4 30. bxa4 Nxd4 31. Rd1 e5 32. f4 $36 {[%mdl 2048] Weiss hat Druck.} f6 33. Bc4+ Kh8 34. Rd3 Rd6 35. fxe5 fxe5 36. Bc1 h5 37. a5 Kh7 38. Bg5 Bg7 39. Be7 Rd7 40. Bc5 Rd8 41. a4 Ra8 42. Bb6 {Droht stark f4!} Rf8 ({Lieber} 42... g5 $14) 43. a6 $16 bxa6 {[#]} 44. a5 $1 Ra8 {[#]} 45. f4 $1 {[%mdl 512]} Ne2 $2 (45... Nc2 $16) (45... exf4 46. Bxd4) 46. Rd8 $18 Rxd8 47. Bxd8 Nxf4+ {[%mdl 4096] Endspiel KLL-KLS} 48. Kf1 Bf8 49. Bb6 ({Jedoch nicht} 49. Bxa6 Ne6 $18) 49... Bd6 50. Bxa6 Ne6 51. Bb7 Nc5 $2 (51... Bc7 52. Bxc6 Kg7) 52. a6 {Weiß steht klar auf Gewinn.} Nxa6 53. Bxa6 g5 54. h3 Kg6 55. Bc8 c5 (55... Be7 $142 56. Ke2 Kf7) 56. Bd8 c4 57. Bf5+ Kh6 58. Ke2 Bc5 59. Bf6 Bd4 60. Be7 {[%cal Re7f8]} g4 61. hxg4 {Precision: Weiß = 84%, Schwarz = 49%.} 1-0

[Event "XVIII Najdorf Open 2018"]
[Site "Warsaw"]
[Date "2018.07.13"]
[Round "6"]
[White "Aravindh, Chithambaram VR"]
[Black "Mista, Aleksander"]
[Result "1-0"]
[WhiteElo "2580"]
[BlackElo "2595"]
[Annotator "TA"]
[PlyCount "93"]
[EventDate "2018.07.08"]
[EventCountry "POL"]
[SourceTitle "playchess.com"]
[Source "ChessBase"]
[SourceQuality "1"]

{[%evp 20,93,25,29,17,24,27,24,32,35,47,39,49,29,48,46,33,33,38,39,39,19,56,60,90,76,82,75,73,72,80,77,82,75,131,121,117,121,202,193,187,176,176,176,256,238,525,402,769,770,665,549,517,531,750,756,743,730,1021,1018,997,963,930,870,12837,12838,12840,12841,12841,12841,12845,12845,12846,12847,12847,12847]} 1. e4 c5 2. Nf3 d6 3. d4 cxd4 4. Qxd4 Nc6 5. Bb5 Bd7 6. Qd3 g6 7. c4 {B53: Sicilian: 2...d6: Lines with Qxd4} Bg7 8. Nc3 Nf6 9. O-O O-O 10. h3 a6 (10... Rc8 11. Be3 Nb4 12. Qe2 a6 13. Bxd7 Nxd7 14. Rac1 Bxc3 15. Rxc3 Nxa2 {½-½ (28) Malakhov,V (2691)-Safarli,E (2657) Brest 2018}) 11. Bxc6 {LiveBook: 82 Games} Bxc6 12. Nd4 Qa5 13. Be3 Rfc8 14. Rac1 Bd7 $146 ({Predecessor:} 14... Nd7 15. Rfd1 Kf8 16. b3 Rab8 17. Qd2 b5 18. cxb5 axb5 19. Bh6 Nf6 20. Qg5 Bxe4 21. Nxe4 Nxe4 22. Rxc8+ Rxc8 23. Bxg7+ Kxg7 24. Qxe7 {1-0 (32) Chigaev,M (2480)-Johansson,L (2321) Budva 2013}) 15. b3 Qh5 16. f3 e6 17. Nde2 b5 18. Qxd6 bxc4 19. b4 Be8 20. Qg3 Nd7 21. f4 f5 22. Bd4 $36 {[%mdl 2048] White is on the roll.} Bf8 23. a3 a5 24. Rb1 axb4 25. axb4 Rab8 26. b5 Nc5 (26... Rb7 $142) 27. Qe3 $16 Nb3 28. Kh2 $1 Bxb5 (28... Nxd4 $16 29. Nxd4 (29. Qxd4 fxe4 30. Qxe4 Qf5 $11) 29... Bc5) 29. exf5 $1 $18 Qxf5 30. Ng3 Qf7 {[#]} 31. Be5 $1 {Strongly threatening Nge4.} Rb7 {[#]} (31... Bc6 {was called for.}) 32. Nce4 $1 Rd8 $2 {[#]} (32... Bc6 33. Nf6+ Kh8) 33. f5 $1 {[%mdl 512]} exf5 {[#]} (33... Rd3 $142 34. Qg5 Bg7) 34. Nxf5 $1 {[%mdl 512] White is clearly winning.} gxf5 35. Qg5+ Qg6 {And now ...Qxg5 would win.} 36. Qxd8 {aiming for Nf6+.} Bc6 37. Nf6+ Kf7 38. g4 Be7 39. Qc8 Rb5 40. Qxc6 {Threatening mate with Qe8+.} Rxe5 41. Qxc4+ Kxf6 42. Rxf5+ Rxf5 43. gxf5 Bd6+ 44. Kh1 Qe8 45. Qh4+ Kxf5 46. Rf1+ Ke6 47. Re1+ {Precision: White = 90%, Black = 37%.} 1-0

[Event "XVIII Najdorf Open 2018"]
[Site "Warsaw"]
[Date "2018.07.13"]
[Round "6"]
[White "Heberla, Bartlomiej"]
[Black "Lewtak, Damian"]
[Result "1/2-1/2"]
[WhiteElo "2563"]
[BlackElo "2358"]
[Annotator "TA"]
[PlyCount "72"]
[EventDate "2018.07.08"]
[EventCountry "POL"]
[SourceTitle "playchess.com"]
[Source "ChessBase"]
[SourceQuality "1"]

{[%evp 18,72,50,45,43,46,47,41,55,55,55,53,53,43,69,67,87,95,114,67,67,67,64,64,65,72,69,68,66,66,67,20,29,0,0,0,0,0,0,0,0,0,0,0,0,0,0,0,0,0,0,0,0,0,0,0,0]} 1. d4 e6 2. Nf3 Nf6 3. c4 Bb4+ 4. Nbd2 O-O 5. a3 Bxd2+ 6. Bxd2 Ne4 7. g3 d6 8. Bg2 Nd7 {[%cal Bb8d7,Bd7f6,Bf6e4][%mdl 32]} 9. O-O f5 10. Rc1 {LiveBook: 3 Games. E11: Bogo-Indian} Nxd2 $146 ({Predecessor:} 10... Qe7 11. b4 Ndf6 12. Bc3 Bd7 13. Bb2 a5 14. b5 a4 15. Nd2 c6 16. Nxe4 fxe4 17. bxc6 bxc6 {1-0 (35) Boensch,U (2558)-Kveinys,A (2522) Germany 2001}) 11. Qxd2 Nf6 12. c5 {White is slightly better.} Ne4 13. Qe3 Bd7 14. Ne1 {[%cal Bf3e1,Be1d3,Bd3b4][%mdl 32]} Bc6 15. Nd3 Qd7 16. cxd6 cxd6 {[#]} 17. Nb4 $1 d5 18. Nd3 Qd6 19. Ne5 Rac8 20. Bxe4 dxe4 21. Rc4 Bb5 22. Rxc8 $1 Rxc8 23. Rc1 Rd8 24. h4 h6 25. Qb3 Bxe2 {The position is equal.} 26. Qxb7 Qxd4 27. Qf7+ Kh8 28. Qxe6 {[#] Threatens to win with Nf7+.} Qd2 $1 {[%cal Rd2c1]} 29. Nf7+ Kh7 30. Qxf5+ Kg8 $1 31. Nxd8 {White wants to mate with Rc8.} Qxc1+ 32. Kh2 Bf3 {[%csl Gf3][%cal Rc1h1]} 33. Qf7+ Kh7 {[%csl Gf3][%cal Rc1h1]} 34. Qf5+ Kg8 {[%csl Gf3][%cal Rc1h1]} 35. Qf7+ Kh7 {[%csl Gf3][%cal Rc1h1]} 36. Qf5+ Kg8 {Precision: White = 71%, Black = 86%.} 1/2-1/2

[Event "XVIII Najdorf Open 2018"]
[Site "Warsaw"]
[Date "2018.07.13"]
[Round "6"]
[White "Smirnov, Anton"]
[Black "Warakomska, Anna"]
[Result "1-0"]
[WhiteElo "2523"]
[BlackElo "2342"]
[Annotator "TA"]
[PlyCount "147"]
[EventDate "2018.07.08"]
[EventCountry "POL"]
[SourceTitle "playchess.com"]
[Source "ChessBase"]
[SourceQuality "1"]

{[%evp 30,147,18,0,8,0,0,-22,40,31,42,36,29,24,29,29,12,26,25,4,26,16,16,16,18,18,20,22,15,0,0,7,12,0,0,0,0,0,25,14,49,12,9,9,20,8,60,16,8,8,14,8,27,0,29,26,78,79,73,75,110,110,110,110,110,110,115,102,183,110,161,157,228,218,176,139,150,134,161,115,117,110,110,110,110,110,110,110,150,142,143,142,142,142,142,142,142,142,142,142,142,142,142,142,263,264,307,315,295,183,183,183,183,191,809,804,29960,29956,29969,29970]} 1. e4 e5 2. Nf3 Nc6 3. Bb5 a6 4. Ba4 Nf6 5. O-O Be7 6. Re1 b5 7. Bb3 d6 8. c3 O-O 9. h3 Nb8 10. d4 Nbd7 11. Nbd2 Bb7 12. Bc2 c5 13. d5 c4 {C95: Closed Ruy Lopez: Breyer Variation with 10 d4} 14. b3 cxb3 15. axb3 Qc7 16. Bb2 {LiveBook: 14 Games} a5 {[#]} 17. Bd3 $146 ({Predecessor:} 17. b4 axb4 18. Rxa8 Rxa8 19. cxb4 Nb6 20. Bd3 Nc4 21. Qc2 {1-0 (42) Sasikiran,K (2661)-Postny,E (2620) Stockholm 2017}) 17... b4 18. Nc4 Nb6 (18... Nc5 $11) 19. Ne3 bxc3 20. Rc1 Rfc8 21. Bxc3 Nbd7 22. b4 axb4 23. Bxb4 Qb8 24. Qd2 g6 25. Rxc8+ Bxc8 26. Nc4 {[%cal Be3c4,Bc4a5,Ba5c6][%mdl 32]} Bf8 $1 27. Rb1 {And now Bxd6 would win.} Qc7 28. Rc1 Qb8 $1 29. Na5 {Threatens to win with Nc6.} Ba6 30. Nc6 Qb7 31. Bxa6 Qxa6 32. Qc2 Nb6 33. Nh2 {[%cal Bf3h2,Bh2g4,Bg4e3][%mdl 32]} Nfd7 34. Ng4 Qb5 35. Ne3 Ra4 36. Rb1 {aiming for Bxd6!} Qa6 37. Qd1 Ra2 (37... h5 $11) 38. Be1 {Nb4 is the strong threat.} Qa4 39. Qxa4 Rxa4 40. Bb4 $36 {[%mdl 2048] Black is under pressure.} Ra2 41. f3 f5 (41... h5 {feels hotter.} 42. Na5 f5 43. Nec4 Nxc4 44. Nxc4 fxe4 45. fxe4 Ra4) 42. exf5 Nf6 (42... gxf5 $11 43. Nxf5 Nxd5) 43. fxg6 $16 hxg6 44. Nxe5 $1 ({Stronger than} 44. Bxd6 Bxd6 45. Rxb6 Bc5 $17) 44... dxe5 45. Bxf8 Nbxd5 46. Nxd5 Nxd5 {[%mdl 4096] Endgame KRB-KRN} 47. Bh6 Kf7 48. h4 Ke6 {[#]} (48... Ra4 $16 {was worth a try.}) 49. Bg5 (49. Rb8 $1 $18) 49... Rc2 (49... Ra6 $16 50. Kh2 Nc3) 50. Rb8 $18 Rc6 (50... Kf7 $16 51. Rd8 Nf6) 51. Re8+ Kd6 52. Kh2 Nc7 53. Rg8 Kd5 54. Kg3 Nb5 55. Rd8+ Ke6 56. Re8+ Kd5 57. f4 exf4+ 58. Bxf4 Re6 59. Rd8+ Ke4 60. Kg4 Nd4 61. Ra8 Rf6 62. g3 Rc6 63. Ra4 Kd5 64. Ra5+ Ke6 65. Kg5 Kf7 66. Kh6 Nf5+ {[#]} (66... Ne2 $16) 67. Kh7 $1 Re6 68. Ra7+ Kf8 69. Rb7 Rc6 70. Rb3 Kf7 71. Bg5 Nd6 $2 (71... Rc4 72. Rb6 Nxg3 73. Rf6+ (73. Rxg6 Ne4 $16) 73... Ke8 74. Kxg6 Ne4) 72. Rf3+ Ke6 73. Rf6+ Ke5 74. Kxg6 {Precision: White = 64%, Black = 52%.} 1-0

[Event "XVIII Najdorf Open 2018"]
[Site "Warsaw"]
[Date "2018.07.13"]
[Round "6"]
[White "Rozentalis, Eduardas"]
[Black "Dubinski, Mateusz"]
[Result "0-1"]
[WhiteElo "2513"]
[BlackElo "2245"]
[Annotator "TA"]
[PlyCount "76"]
[EventDate "2018.07.08"]
[EventCountry "POL"]
[SourceTitle "playchess.com"]
[Source "ChessBase"]
[SourceQuality "1"]

{[%evp 17,76,-13,6,0,23,-22,-24,-26,-31,-30,-33,-31,-30,-31,-28,-31,-32,-29,-25,-43,-43,-43,-39,-67,-65,-66,-69,-77,-73,-78,-79,-104,-87,-91,-68,-79,-74,-74,-83,-277,-281,-345,-320,-485,-472,-601,-582,-675,-652,-688,-551,-642,-619,-554,-558,-822,-822,-908,-892,-901,-882]} 1. e4 e5 2. Nf3 Nc6 3. Nc3 Nf6 4. g3 d5 5. exd5 Nxd5 6. Bg2 Nxc3 7. bxc3 Bc5 8. O-O O-O 9. d3 Qf6 {LiveBook: 4 Games. C47: Scotch Four Knights and Four Knights with 4 g3} (9... Bg4 10. h3 Bh5 11. Rb1 Bb6 12. g4 Bg6 13. Bg5 f6 14. Be3 e4 15. Nh4 exd3 16. Nxg6 hxg6 17. cxd3 Qd7 18. d4 {½-½ (84) Mamedov,R (2688)-Jakovenko,D (2704) Doha 2016}) 10. Ng5 Bb6 11. Kh1 $146 (11. Be4 $5 {[%cal Re4h7]} Bf5 12. Qf3 Bxe4 13. Qxf6 $11) ({Predecessor:} 11. Ne4 Qg6 12. Kh1 f5 13. Ng5 Bd7 14. f4 h6 15. Nh3 Qf6 16. fxe5 Nxe5 17. d4 {0-1 (34) Boguszlavszkij,J (2240)-Szabo,K (2546) Hungary 2012}) 11... h6 {The position is equal.} 12. Ne4 Qg6 13. a4 Bg4 14. f3 Be6 15. Ba3 Rfe8 16. Nc5 Bxc5 17. Bxc5 Rad8 18. Qe2 b6 $36 {[%mdl 2048] Black is more active.} 19. Bg1 Bd5 20. Rfe1 f5 {[%cal Bf7f5,Bf5f4][%mdl 32]} 21. Rad1 f4 22. c4 Bf7 23. Qf2 Qf6 24. c5 g5 25. c3 Ne7 (25... Kg7 {keeps more tension.} 26. Qc2 Bg6 27. Bf2 Bf5 28. g4 Bg6) 26. cxb6 axb6 27. d4 exd4 28. gxf4 $2 {[#]} (28. Rxd4 $17 fxg3 29. hxg3) 28... dxc3 $19 29. fxg5 hxg5 30. Rc1 (30. a5 $142 bxa5 31. Qc5 Rxd1 32. Rxd1) 30... Rd2 {Black is clearly winning.} 31. Qg3 Nd5 32. Rxe8+ Bxe8 33. h4 Qf4 34. Qxg5+ Qxg5 35. hxg5 c2 36. f4 Nxf4 37. Be4 Ne2 {[%cal Re2g3] [#]} 38. Be3 Rd1+ {Precision: White = 29%, Black = 69%.} ({Not} 38... Nxc1 39. Bxd2 Nb3 40. Bd5+ Bf7 41. Bxb3 $17) 0-1

[Event "XVIII Najdorf Open 2018"]
[Site "Warsaw"]
[Date "2018.07.13"]
[Round "6"]
[White "Jarmula, Lukasz"]
[Black "Zakrzewski, Marek"]
[Result "0-1"]
[WhiteElo "2512"]
[BlackElo "2309"]
[Annotator "TA"]
[PlyCount "95"]
[EventDate "2018.07.08"]
[EventCountry "POL"]
[SourceTitle "playchess.com"]
[Source "ChessBase"]
[SourceQuality "1"]

{[%evp 18,95,35,30,47,46,48,39,51,48,52,45,52,48,65,68,65,64,58,61,74,40,45,0,-4,-19,67,22,95,106,95,97,123,104,110,78,121,81,73,42,63,-99,-82,-90,-66,-65,-72,-161,-112,-223,-215,-246,-282,-345,-328,-399,-384,-382,-368,-396,-350,-573,-568,-720,-706,-766,-626,-609,-591,-747,-729,-1040,-1036,-978,-961,-950,-513,-512,-512,-1796]} 1. e4 c5 2. Nf3 e6 3. d4 cxd4 4. Nxd4 Nc6 5. Nc3 Qc7 6. Be3 a6 7. Qf3 {B48: Sicilian: Taimanov: 5 Nc3 Qc7 6 Be3 a6 without Be2} d6 (7... Nf6 8. O-O-O Ne5 9. Qg3 b5 10. a3 Bb7 11. Bxb5 Rc8 12. Ba4 Nxe4 13. Nxe4 Bxe4 14. Bf4 Qc4 15. Bxe5 Qxa4 {1-0 (38) Vachier Lagrave,M (2789)-Anand,V (2776) Karlsruhe/Baden-Baden 2018}) 8. O-O-O Bd7 9. Qg3 Nf6 10. f3 {LiveBook: 6 Games} b5 11. Bxb5 axb5 12. Ndxb5 Qb8 13. Nxd6+ Bxd6 14. Qxd6 Qxd6 15. Rxd6 {[#]} Ne5 $146 16. b3 {[%mdl 1024] White has compensation.} Rc8 {next ...Ke7 is good for Black.} 17. Bd4 Ng6 {[#] Threatens to win with ...e5.} 18. Kb2 Ke7 19. e5 Nd5 20. Ne4 f5 $1 {[%cal Rf5e4]} 21. Nc3 Ngf4 ({Black should play} 21... Nxc3 $11 22. Bxc3 Bc6) 22. Rd1 {Black should prevent Nxd5+.} Rc7 (22... Nxc3 $11 23. Bxc3 Bc6) 23. Nxd5+ $16 exd5 24. Bb6 Rc6 25. g3 Ne6 26. R6xd5 Bc8 27. Ba5 h5 28. b4 {[#] Hoping for b5.} Ra6 $1 29. h4 $2 (29. f4 $14 {stays ahead.}) 29... f4 $17 30. Rg1 fxg3 31. Rxg3 Rf8 32. c4 (32. Rb5 $17 {keeps fighting.}) 32... Rf4 $19 33. c5 (33. Kc3 $17) 33... Rxh4 34. Rd2 Rf4 35. a3 h4 {[%cal Bh5h4,Bh4h3,Bh3h2][%mdl 32]} 36. Rg4 Rxg4 37. fxg4 Bd7 38. Bb6 Bc6 39. g5 $2 (39. Rd3) 39... h3 {Black is clearly winning.} 40. Kb3 Bg2 41. b5 Ra8 42. c6 h2 43. Rd1 Rb8 44. c7 Nxc7 45. Bxc7 Rxb5+ 46. Kc4 Rb7 47. Bd6+ Ke6 {White must now prevent ...Rf7.} 48. Kd4 {Precision: White = 38%, Black = 76%.} (48. g6 $142) 0-1